Inteligentní agenti v ekonomických systémoch

Problematika inteligentných agentov a ich využitie v riadení podnikových procesov. Prehľad teoretických východísk, definícií a druhov inteligentných agentov. Vlastnosti multiagentných systémov a konkurencieschopnosť podnikov. Príklad architektúry PROSA.

Salvato in:
Dettagli Bibliografici
Autore principale: Šperka, Roman
Natura: Capitolo di libro
Lingua:slovacco
Soggetti:
Tags: Aggiungi Tag
Nessun Tag, puoi essere il primo ad aggiungerne!!

MARC

LEADER 00000nla$a2200000$$$4500
001 0126649
005 20211026122602.9
041 0 |a slo 
044 |a CZ 
245 1 0 |a Inteligentní agenti v ekonomických systémoch  |c Roman Šperka 
520 |a Problematika inteligentných agentov a ich využitie v riadení podnikových procesov. Prehľad teoretických východísk, definícií a druhov inteligentných agentov. Vlastnosti multiagentných systémov a konkurencieschopnosť podnikov. Príklad architektúry PROSA. 
610 2 0 |a technológie informačné 
610 2 0 |a technológie komunikačné 
610 2 0 |a systémy informačné podnikové 
610 2 0 |a hardvér 
610 2 0 |a softvér 
610 2 0 |a informatika 
610 2 0 |a komunikácia elektronická 
610 2 0 |a procesy podnikové 
610 2 0 |a simulácia 
100 1 |a Šperka, Roman